00503 2200193 4500001002100000005001700021008004100038035002500079040001200104082001100116084002000127100002100147245005100168250001100219260003100230650002500261850001200286990001100298INLIS00000000000910620150806113441.0  a0010-081500000000544 aYOPDYOG a424.03 aRT 424.03 Wid K aWidyamartaya, A. aKamus Sinonim Bahasa InggriscWidyamartaya, A. aCet. 1 aYogyakartabKanisiusc1975 aKamus bahasa Inggris aYOPDYOG a5063-P